Introduction to chemical engineering thermodynamics (Record no. 8190)

000 -LEADER
fixed length control field 00630nam a2200229 4500
001 - CONTROL NUMBER
control field 8190
003 - CONTROL NUMBER IDENTIFIER
control field BD-DhUET
008 - FIXED-LENGTH DATA ELEMENTS--GENERAL INFORMATION
fixed length control field 740723s1975 nyua b 001 0 eng
020 ## - INTERNATIONAL STANDARD BOOK NUMBER
International Standard Book Number 0070587019
040 ## - CATALOGING SOURCE
Original cataloging agency DLC
Transcribing agency DLC
Modifying agency BD-DhUET
082 ## - DEWEY DECIMAL CLASSIFICATION NUMBER
Classification number 660.2969
Item number SMI/1975
100 1# - MAIN ENTRY--PERSONAL NAME
Personal name Smith, J. M.
245 10 - TITLE STATEMENT
Title Introduction to chemical engineering thermodynamics
250 ## - EDITION STATEMENT
Edition statement 3rd ed.
260 ## - PUBLICATION, DISTRIBUTION, ETC. (IMPRINT)
Place of publication, distribution, etc. Tokyo
Name of publisher, distributor, etc. McGraw-Hill
Date of publication, distribution, etc. 1975
300 ## - PHYSICAL DESCRIPTION
Extent xv,632p.
Other physical details ill.
Dimensions 25 cm.
490 0# - SERIES STATEMENT
Series statement McGraw-Hill chemical engineering series
504 ## - BIBLIOGRAPHY, ETC. NOTE
Bibliography, etc Includes bibliographies
650 #0 - SUBJECT ADDED ENTRY--TOPICAL TERM
Topical term or geographic name as entry element Chemical thermodynamics
700 1# - ADDED ENTRY--PERSONAL NAME
Personal name Van Ness, H. C.
942 ## - ADDED ENTRY ELEMENTS (KOHA)
Koha item type General Book
Holdings
Sublocation or collection (holding branch) Copy number Koha normalized classification for sorting Lost status Koha date last seen Koha issues (times borrowed) Not for loan Damaged status Source of classification or shelving scheme Price effective from Koha item type Withdrawn status Piece designation (barcode) Shelving location Koha full call number Koha date last borrowed Date acquired Location (home branch)
Central Library, BUET1660_296900000000000_SMI_1975 2019-08-252   2015-01-19General Book 42516Circulation section660.2969/SMI/19752019-07-242015-01-19Central Library, BUET
Central Library, BUET2660_296900000000000_SMI_1975 2017-08-21    2015-03-01General Book 51231Circulation section660.2969/SMI/1975 2015-03-01Central Library, BUET
Central Library, BUET3660_296900000000000_SMI_1975 2015-06-18    2015-06-18Reading Item 44427Reading section660.2969/SMI/1975 2015-06-18Central Library, BUET
Central Library, BUET4660_296900000000000_SMI_1975 2015-06-20    2015-06-20Reading Item 65887Reading section660.2969/SMI/1975 2015-06-20Central Library, BUET
Central Library, BUET5660_296900000000000_SMI_1975 2015-06-20    2015-06-20Reading Item 65888Reading section660.2969/SMI/1975 2015-06-20Central Library, BUET